[Event "25. Copenhagen Open  (Politiken Cup)"]
[Site "Copenhagen"]
[Date "2003.07.15"]
[Round "2"]
[White "Nielsen, Thomas"]
[Black "Manley, Christian"]
[Result "1/2-1/2"]
[WhiteElo "2028"]
[BlackElo "1613"]
[PlyCount "149"]
[EventDate "2003.07.14"]
[EventType "swiss"]
[EventRounds "11"]
[EventCountry "DEN"]
[SourceDate "2004.01.01"]

1. d4 d5 2. c4 e6 3. Nc3 Be7 4. Nf3 Nf6 5. Bg5 h6 6. Bf4 c6 7. cxd5 exd5 8. h3
Nbd7 9. e3 Qa5 10. Bd3 O-O 11. Qc2 Re8 12. O-O Bb4 13. Nd2 Nf8 14. a3 Bxc3 15.
bxc3 b6 16. Rfb1 Ba6 17. c4 dxc4 18. Nxc4 Bxc4 19. Bxc4 Nd5 20. Bd6 Qc3 21.
Qxc3 Nxc3 22. Rc1 Ne4 23. Bxf8 Kxf8 24. Bd3 Rac8 25. Rc2 c5 26. Rac1 Rcd8 27.
Bxe4 Rxe4 28. dxc5 bxc5 29. Rxc5 Ra4 30. R5c3 Ke8 31. Rb1 Rd2 32. Rb7 Rd1+ 33.
Kh2 Rd7 34. Rb5 Rd2 35. Kg3 Ra6 36. Re5+ Kd7 37. Rf5 Ke6 38. Rf4 f6 39. Rb4 g5
40. Rbc4 h5 41. Rc6+ Rd6 42. Rxa6 Rxa6 43. Kf3 Ra4 44. Ke2 Ke5 45. Rb3 Rc4 46.
Kd2 Rc7 47. Rb5+ Ke6 48. Rb4 Rd7+ 49. Rd4 Rb7 50. Kc2 Rc7+ 51. Kb2 Rb7+ 52. Kc2
Rc7+ 53. Kd2 Rb7 54. Rb4 Rd7+ 55. Ke2 Rc7 56. g4 hxg4 57. hxg4 Rc2+ 58. Kf3 Rc3
59. Ra4 Rc7 60. Ke4 Re7 61. Ra5 Kf7+ 62. Kf3 Ke6 63. Ra6+ Ke5 64. Kg3 Rf7 65.
f3 Kd5 66. f4 Ke4 67. Re6+ Kd3 68. f5 Kc4 69. Rd6 a5 70. Kf3 Kb3 71. Rd3+ Kc4
72. Rd4+ Kc5 73. Re4 Kb5 74. a4+ Kc5 75. Ke2 1/2-1/2

[Event "25. Copenhagen Open  (Politiken Cup)"]
[Site "Copenhagen"]
[Date "2003.07.15"]
[Round "2"]
[White "Nilssen, John Arni"]
[Black "Korolev, Nikolaj"]
[Result "1-0"]
[WhiteElo "2382"]
[BlackElo "2117"]
[PlyCount "113"]
[EventDate "2003.07.14"]
[EventType "swiss"]
[EventRounds "11"]
[EventCountry "DEN"]
[SourceDate "2004.01.01"]

1. d4 d5 2. c4 c6 3. Nf3 Nf6 4. Qc2 e6 5. g3 Be7 6. Bg2 O-O 7. O-O Ne4 8. b3
Nd7 9. Ba3 f5 10. Bxe7 Qxe7 11. e3 g5 12. Ne1 Kh8 13. f3 Nef6 14. e4 e5 15.
cxd5 cxd5 16. exf5 exd4 17. Qd2 Qe3+ 18. Qxe3 dxe3 19. Nc2 Re8 20. Re1 Nc5 21.
g4 d4 22. Nxd4 Nd3 23. Rd1 Nb2 24. Rc1 Nd3 25. Rc2 Nd5 26. Nc3 N5b4 27. Re2 Nf4
28. Ree1 e2 29. Ncxe2 Nbd3 30. Red1 Rxe2 31. Nxe2 Nxe2+ 32. Kf1 Nef4 33. Rd2
Bd7 34. a4 Bc6 35. Rad1 Nxg2 36. Rxd3 Nf4 37. Re3 Kg7 38. Rd4 Kf7 39. h4 h6 40.
h5 a6 41. Rd6 Rh8 42. Kf2 Bd5 43. Rd7+ Kf6 44. Ree7 Rc8 45. Rc7 Rxc7 46. Rxc7
Bxb3 47. a5 Bd5 48. Rh7 Nd3+ 49. Kg3 Ne5 50. Rxh6+ Kg7 51. Rd6 Bc6 52. f4 gxf4+
53. Kxf4 Nc4 54. Rg6+ Kh7 55. f6 Bd5 56. Rg5 Be6 57. Rg7+ 1-0

[Event "25. Copenhagen Open  (Politiken Cup)"]
[Site "Copenhagen"]
[Date "2003.07.15"]
[Round "2"]
[White "Nordenbaek, Jan"]
[Black "Henrichsen, Jens"]
[Result "1-0"]
[WhiteElo "2254"]
[BlackElo "2076"]
[PlyCount "77"]
[EventDate "2003.07.14"]
[EventType "swiss"]
[EventRounds "11"]
[EventCountry "DEN"]
[SourceDate "2004.01.01"]

1. e4 c5 2. Nf3 e6 3. d3 Nc6 4. g3 g6 5. Bg2 Bg7 6. O-O Nge7 7. c3 d5 8. Qe2
O-O 9. Nbd2 b6 10. Re1 a5 11. e5 Qc7 12. Nf1 Ba6 13. Bf4 h6 14. h4 Rab8 15.
N1h2 b5 16. Qd2 h5 17. g4 hxg4 18. Nxg4 b4 19. h5 bxc3 20. bxc3 gxh5 21. Nf6+
Kh8 22. Nxh5 Nf5 23. Bg5 Nce7 24. Nxg7 Kxg7 25. Bf6+ Kg8 26. Bh3 Kh7 27. Rad1
Rg8+ 28. Ng5+ Rxg5+ 29. Bxg5 Rg8 30. f4 d4 31. cxd4 Nxd4 32. Qf2 Ng6 33. Re3
Bb7 34. Bg2 Kg7 35. Rg3 Kf8 36. Rb1 Bxg2 37. Qxg2 Ne7 38. Bh6+ Ke8 39. Rxg8+
1-0

[Event "25. Copenhagen Open  (Politiken Cup)"]
[Site "Copenhagen"]
[Date "2003.07.15"]
[Round "2"]
[White "Nordfjord, Sverrir"]
[Black "Rasmussen, Peter Nybo"]
[Result "1-0"]
[WhiteElo "2057"]
[BlackElo "1692"]
[PlyCount "65"]
[EventDate "2003.07.14"]
[EventType "swiss"]
[EventRounds "11"]
[EventCountry "DEN"]
[SourceDate "2004.01.01"]

1. e4 e5 2. Nf3 Nf6 3. Nc3 Nc6 4. Bb5 Nd4 5. Ba4 b5 6. Nxb5 Nxb5 7. Bxb5 c6 8.
Bc4 Nxe4 9. d3 Nf6 10. Qe2 d6 11. Ng5 Nd5 12. f4 Be7 13. O-O O-O 14. Qe4 Bxg5
15. fxg5 Be6 16. Bd2 Qb6+ 17. Rf2 Qxb2 18. Raf1 Qd4 19. Qe1 Rab8 20. Bb3 Qb6
21. Kh1 Qc7 22. Qe4 Nb6 23. Bxe6 fxe6 24. Rxf8+ Rxf8 25. Rxf8+ Kxf8 26. Qxh7
Qf7 27. Kg1 Ke7 28. g6 Qf8 29. Bg5+ Kd7 30. Bh6 Kc8 31. Bxg7 Qf4 32. Qg8+ Kb7
33. Qf7+ 1-0

[Event "25. Copenhagen Open  (Politiken Cup)"]
[Site "Copenhagen"]
[Date "2003.07.15"]
[Round "2"]
[White "Norton, Craig"]
[Black "Pedersen, Audun"]
[Result "0-1"]
[WhiteElo "2127"]
[BlackElo "1536"]
[PlyCount "133"]
[EventDate "2003.07.14"]
[EventType "swiss"]
[EventRounds "11"]
[EventCountry "DEN"]
[SourceDate "2004.01.01"]

1. d4 d5 2. Nf3 c6 3. Bf4 Nf6 4. e3 Bf5 5. Bd3 Bg6 6. O-O e6 7. Nbd2 Bd6 8. Ne5
Qc7 9. Ndf3 Bh5 10. Qd2 Nbd7 11. Nxd7 Nxd7 12. Bxd6 Qxd6 13. Be2 O-O 14. Rad1
e5 15. Nxe5 Bxe2 16. Qxe2 Nxe5 17. dxe5 Qxe5 18. c3 Rfe8 19. Rd4 c5 20. Rd3 Re6
21. Rfd1 Rd8 22. Qf3 Red6 23. g3 g6 24. R1d2 b6 25. Qf4 Qxf4 26. gxf4 f5 27. f3
Kf7 28. e4 fxe4 29. fxe4 Ke6 30. e5 R6d7 31. Kf2 Rf8 32. Kg3 Rf5 33. h4 Rh5 34.
Kg4 Rf5 35. b4 Rdf7 36. Rf3 h6 37. Rdd3 Rc7 38. b5 Rcf7 39. a4 Rf8 40. Rf2 g5
41. hxg5 hxg5 42. Rfd2 Rxf4+ 43. Kg3 Rd8 44. a5 bxa5 45. Ra2 a4 46. Rd1 Rb8 47.
Rad2 Rd8 48. Rh2 Rd7 49. Re1 Re4 50. Rh6+ Kxe5 51. Rf1 Re3+ 52. Kg4 Rxc3 53.
Rg6 Kd4 54. Ra1 a3 55. Ra6 Kc4 56. b6 axb6 57. Rxb6 Ra7 58. Rbb1 d4 59. Kxg5
Rb3 60. Rc1+ Kb4 61. Kf4 c4 62. Ke4 d3 63. Kd4 Rd7+ 64. Ke4 c3 65. Rd1 d2 66.
Ra2 Rb2 67. Raa1 0-1

[Event "25. Copenhagen Open  (Politiken Cup)"]
[Site "Copenhagen"]
[Date "2003.07.15"]
[Round "2"]
[White "Nyback, Tomi"]
[Black "Paaske, Asger"]
[Result "1-0"]
[WhiteElo "2483"]
[BlackElo "2162"]
[PlyCount "117"]
[EventDate "2003.07.14"]
[EventType "swiss"]
[EventRounds "11"]
[EventCountry "DEN"]
[SourceDate "2004.01.01"]

1. Nf3 d5 2. d4 Nf6 3. c4 e6 4. Nc3 Be7 5. Bg5 h6 6. Bh4 O-O 7. e3 b6 8. Be2
dxc4 9. Bxc4 Bb7 10. O-O c5 11. Qe2 Ne4 12. Nxe4 Bxh4 13. Nxh4 Bxe4 14. Qg4 Bd5
15. Bxd5 Qxd5 16. dxc5 Qxc5 17. Nf3 Nd7 18. Rac1 Qa5 19. Qd4 Nf6 20. Qc4 b5 21.
Qb3 Rac8 22. Nd4 Rxc1 23. Rxc1 a6 24. a3 Ne4 25. Qb4 Qxb4 26. axb4 Rd8 27. f3
Nf6 28. Nc6 Rd2 29. e4 Rxb2 30. Ra1 Rc2 31. Rxa6 Rc4 32. Kf2 Kh7 33. Ne5 Rxb4
34. Nxf7 Rb2+ 35. Kg3 Nh5+ 36. Kg4 g6 37. g3 Rxh2 38. Ne5 Nf6+ 39. Kf4 Nh5+ 40.
Ke3 Nxg3 41. Rxe6 g5 42. Re7+ Kg8 43. Ng4 Re2+ 44. Kd3 h5 45. Nf6+ Kf8 46. Rb7
Rb2 47. Nh7+ Kg8 48. Nxg5 h4 49. Kd4 Rf2 50. Ke3 Rg2 51. Kf4 Nh5+ 52. Kf5 Rg3
53. Kg6 Nf4+ 54. Kh6 Rxg5 55. Rb8+ Kf7 56. Kxg5 Ng2 57. Rxb5 h3 58. Rb1 Ne3 59.
Rh1 1-0

[Event "25. Copenhagen Open  (Politiken Cup)"]
[Site "Copenhagen"]
[Date "2003.07.15"]
[Round "2"]
[White "Nyysti, Sampsa"]
[Black "Schmied, Andreas"]
[Result "1-0"]
[WhiteElo "2399"]
[BlackElo "2124"]
[PlyCount "47"]
[EventDate "2003.07.14"]
[EventType "swiss"]
[EventRounds "11"]
[EventCountry "DEN"]
[SourceDate "2004.01.01"]

1. e4 c5 2. Nf3 Nc6 3. d4 cxd4 4. Nxd4 g6 5. c4 Nf6 6. Nc3 d6 7. Nc2 Bg7 8. Be2
O-O 9. Rb1 Nd7 10. Qd2 Nc5 11. f3 Ne6 12. O-O Ned4 13. Nxd4 Nxd4 14. Bd3 Be6
15. b3 Re8 16. Bb2 Qa5 17. Rbe1 a6 18. f4 b5 19. f5 gxf5 20. exf5 Bd7 21. f6
Bxf6 22. Qh6 Bg7 23. Qxh7+ Kf8 24. Bg6 1-0

[Event "25. Copenhagen Open  (Politiken Cup)"]
[Site "Copenhagen"]
[Date "2003.07.15"]
[Round "2"]
[White "Olsen, Miriam Frida"]
[Black "Nilsson, Jonas"]
[Result "1/2-1/2"]
[WhiteElo "2036"]
[BlackElo "1631"]
[PlyCount "36"]
[EventDate "2003.07.14"]
[EventType "swiss"]
[EventRounds "11"]
[EventCountry "DEN"]
[SourceDate "2004.01.01"]

1. e4 e6 2. d4 d5 3. Nd2 c5 4. exd5 exd5 5. Ngf3 c4 6. c3 Nf6 7. b3 cxb3 8.
axb3 Qc7 9. Qc2 Bb4 10. Bb2 O-O 11. Bd3 Re8+ 12. Ne5 Bd6 13. f4 Ng4 14. O-O Ne3
15. Bxh7+ Kh8 16. Qd3 Nxf1 17. Rxf1 Bxe5 18. fxe5 g6 1/2-1/2

[Event "25. Copenhagen Open  (Politiken Cup)"]
[Site "Copenhagen"]
[Date "2003.07.15"]
[Round "2"]
[White "Olsson, Linus"]
[Black "Frank Nielsen, Marie"]
[Result "1-0"]
[WhiteElo "2244"]
[BlackElo "1629"]
[PlyCount "89"]
[EventDate "2003.07.14"]
[EventType "swiss"]
[EventRounds "11"]
[EventCountry "DEN"]
[SourceDate "2004.01.01"]

1. d4 d5 2. c4 Bf5 3. cxd5 Bxb1 4. Qa4+ c6 5. Rxb1 Qxd5 6. f3 e5 7. dxe5 Qxe5
8. e4 Nd7 9. Nh3 Nb6 10. Qc2 Bb4+ 11. Bd2 Qa5 12. a3 Bxd2+ 13. Qxd2 Qxd2+ 14.
Kxd2 Nf6 15. Kc2 h6 16. Be2 O-O-O 17. Nf2 Rd4 18. Rbd1 Rhd8 19. b3 Rxd1 20.
Nxd1 Nfd7 21. Ne3 g6 22. g4 Nc5 23. h4 Ne6 24. Rh2 Nd4+ 25. Kc3 Rd6 26. a4 Nd7
27. Nc4 Nxe2+ 28. Rxe2 Rf6 29. Re3 Kc7 30. e5 Re6 31. f4 Re7 32. h5 gxh5 33.
gxh5 b5 34. axb5 cxb5 35. Nd6 a6 36. Kd4 f6 37. Rc3+ Kb8 38. Rc8+ Ka7 39. Rc7+
Kb8 40. Rb7+ Ka8 41. e6 Rxe6 42. Rxd7 Re1 43. Kc5 Rc1+ 44. Kb6 Re1 45. Rd8# 1-0

[Event "25. Copenhagen Open  (Politiken Cup)"]
[Site "Copenhagen"]
[Date "2003.07.15"]
[Round "2"]
[White "Pedersen, Bent O"]
[Black "Rosenkilde, Alexander"]
[Result "0-1"]
[WhiteElo "2058"]
[BlackElo "1699"]
[PlyCount "66"]
[EventDate "2003.07.14"]
[EventType "swiss"]
[EventRounds "11"]
[EventCountry "DEN"]
[SourceDate "2004.01.01"]

1. e4 c5 2. Nf3 Nc6 3. d4 cxd4 4. Nxd4 Nf6 5. Nc3 e5 6. Ndb5 d6 7. Bg5 a6 8.
Na3 b5 9. Nd5 Be7 10. Bxf6 Bxf6 11. c3 O-O 12. Be2 Bg5 13. Nc2 f5 14. Bf3 Rb8
15. O-O Ne7 16. Ncb4 Bb7 17. Qb3 Kh8 18. Nxe7 Qxe7 19. Nd5 Qe6 20. Rad1 fxe4
21. Bxe4 Qg4 22. Qc2 Qh5 23. Rd3 Bxd5 24. Bxd5 Rf4 25. Bf3 Qg6 26. Qd1 Be7 27.
Bd5 Rbf8 28. Qd2 Bd8 29. Kh1 Bb6 30. f3 Rh4 31. Be4 Rxh2+ 32. Kxh2 Qh5+ 33. Kg3
Rf4 0-1

[Event "25. Copenhagen Open  (Politiken Cup)"]
[Site "Copenhagen"]
[Date "2003.07.15"]
[Round "2"]
[White "Pedersen, Kenneth"]
[Black "Carlsen, Magnus"]
[Result "0-1"]
[WhiteElo "1728"]
[BlackElo "2385"]
[PlyCount "76"]
[EventDate "2003.07.14"]
[EventType "swiss"]
[EventRounds "11"]
[EventCountry "DEN"]
[SourceDate "2004.01.01"]

1. e4 c5 2. Nf3 Nc6 3. Bb5 g6 4. Bxc6 dxc6 5. d3 Bg7 6. Nc3 Nf6 7. O-O O-O 8.
Be3 b6 9. h3 Nd7 10. Qd2 e5 11. Nh2 Qe7 12. f4 exf4 13. Bxf4 Ne5 14. Nf3 Nxf3+
15. Rxf3 Be6 16. Raf1 f6 17. Bh6 Rad8 18. Bxg7 Kxg7 19. Qf2 Bg8 20. Qg3 c4 21.
d4 Be6 22. Ne2 Bc8 23. Nf4 Qxe4 24. Nh5+ Kh8 25. Rf4 Qe7 26. Nxf6 Bf5 27. Nh5
Qd6 28. Qg5 gxh5 29. Rxf5 Qxd4+ 30. Kh1 Rxf5 31. Qxf5 Qxb2 32. Qxh5 Qd4 33. Qh6
Qd6 34. Rf6 Qe7 35. Qf4 c5 36. h4 Rd4 37. Qg5 Qe1+ 38. Kh2 Rxh4+ 0-1

[Event "25. Copenhagen Open  (Politiken Cup)"]
[Site "Copenhagen"]
[Date "2003.07.15"]
[Round "2"]
[White "Pedersen, Rune Linnebo"]
[Black "Larsson, Nicolai"]
[Result "1-0"]
[WhiteElo "1800"]
[BlackElo "1238"]
[PlyCount "55"]
[EventDate "2003.07.14"]
[EventType "swiss"]
[EventRounds "11"]
[EventCountry "DEN"]
[SourceDate "2004.01.01"]

1. e4 e6 2. d4 d5 3. exd5 Qxd5 4. c4 Bb4+ 5. Nc3 Qa5 6. Bd2 c5 7. a3 Bxc3 8.
Bxc3 Qc7 9. dxc5 Nf6 10. Qd6 Qxd6 11. cxd6 Bd7 12. Nf3 Nc6 13. Rc1 O-O-O 14. c5
Nd5 15. Bxg7 Rhg8 16. Bc3 Rg4 17. g3 Re4+ 18. Kd2 Nxc3 19. Rxc3 Nd4 20. Nxd4
Rxd4+ 21. Ke3 Rd5 22. f4 Rd1 23. Bg2 Rxh1 24. Bxh1 f6 25. b4 Re8 26. c6 bxc6
27. b5 Kb7 28. bxc6+ 1-0

[Event "25. Copenhagen Open  (Politiken Cup)"]
[Site "Copenhagen"]
[Date "2003.07.15"]
[Round "2"]
[White "Pedersen, Thomas"]
[Black "Hansen, Rene Rauer"]
[Result "1/2-1/2"]
[WhiteElo "1671"]
[BlackElo "2055"]
[PlyCount "76"]
[EventDate "2003.07.14"]
[EventType "swiss"]
[EventRounds "11"]
[EventCountry "DEN"]
[SourceDate "2004.01.01"]

1. e4 e6 2. d4 d5 3. Nd2 dxe4 4. Nxe4 Bd7 5. Nf3 Bc6 6. Bd3 Bxe4 7. Bxe4 c6 8.
O-O Nf6 9. Bd3 Bd6 10. Re1 Nbd7 11. c4 O-O 12. b3 Qa5 13. Bb2 Ba3 14. Bxa3 Qxa3
15. Qd2 Rfd8 16. Rad1 a5 17. Bb1 Qd6 18. Qc2 Qf4 19. d5 cxd5 20. cxd5 Rac8 21.
Qd3 exd5 22. g3 Qb4 23. Nd4 Re8 24. Rxe8+ Rxe8 25. Nc2 Qc5 26. Ne3 Ne5 27. Qf5
Ng6 28. Nxd5 Nxd5 29. Rxd5 Qc1+ 30. Kg2 b6 31. Bd3 Qc6 32. f3 Qc8 33. Rd7 f6
34. Bc4+ Kh8 35. Bd3 Re5 36. Qg4 Re8 37. Qd4 Ne5 38. Rd6 Qc1 1/2-1/2

[Event "25. Copenhagen Open  (Politiken Cup)"]
[Site "Copenhagen"]
[Date "2003.07.15"]
[Round "2"]
[White "Petersen, Lars"]
[Black "Nielsen, Palle"]
[Result "1-0"]
[WhiteElo "2047"]
[BlackElo "1650"]
[PlyCount "35"]
[EventDate "2003.07.14"]
[EventType "swiss"]
[EventRounds "11"]
[EventCountry "DEN"]
[SourceDate "2004.01.01"]

1. d4 d5 2. Nf3 Nf6 3. Bf4 Bf5 4. e3 h6 5. h3 e6 6. Bd3 Bxd3 7. Qxd3 c6 8. O-O
Be7 9. Nbd2 O-O 10. e4 dxe4 11. Nxe4 Nbd7 12. Rfe1 Nxe4 13. Qxe4 Nf6 14. Qe2
Nh7 15. Rad1 Re8 16. Ne5 Bg5 17. Bg3 Bh4 18. Qh5 1-0

[Event "25. Copenhagen Open  (Politiken Cup)"]
[Site "Copenhagen"]
[Date "2003.07.15"]
[Round "2"]
[White "Petersen, Nils"]
[Black "Grove, Peter"]
[Result "1-0"]
[WhiteElo "2009"]
[BlackElo "1577"]
[PlyCount "53"]
[EventDate "2003.07.14"]
[EventType "swiss"]
[EventRounds "11"]
[EventCountry "DEN"]
[SourceDate "2004.01.01"]

1. c4 c5 2. Nf3 Nf6 3. d4 cxd4 4. Nxd4 e5 5. Nb5 d5 6. cxd5 Bc5 7. e3 O-O 8.
Be2 a6 9. N5c3 e4 10. b3 b5 11. Qc2 Qe7 12. Nd2 Bb4 13. Bb2 Bb7 14. a3 Bxc3 15.
Qxc3 Bxd5 16. O-O Nbd7 17. Rac1 Rfe8 18. Rfd1 Rac8 19. Qxc8 Rxc8 20. Rxc8+ Nf8
21. Bxf6 gxf6 22. b4 Qd6 23. Nxe4 Qe6 24. Nxf6+ Kg7 25. Nh5+ Kg8 26. Re8 Qc6
27. Rxd5 1-0

[Event "25. Copenhagen Open  (Politiken Cup)"]
[Site "Copenhagen"]
[Date "2003.07.15"]
[Round "2"]
[White "Poulsen, Morten Kjaer"]
[Black "Rendboe, John Filip"]
[Result "0-1"]
[WhiteElo "2079"]
[BlackElo "2239"]
[PlyCount "140"]
[EventDate "2003.07.14"]
[EventType "swiss"]
[EventRounds "11"]
[EventCountry "DEN"]
[SourceDate "2004.01.01"]

1. e4 c5 2. Nf3 Nc6 3. d4 cxd4 4. Nxd4 e5 5. Nb5 Nf6 6. N1c3 d6 7. Bg5 a6 8.
Na3 Be6 9. Nc4 Rc8 10. Bxf6 Qxf6 11. Nb6 Rb8 12. Ncd5 Qd8 13. c3 Be7 14. Bc4
O-O 15. O-O Bg5 16. Qe2 Kh8 17. Rad1 g6 18. Kh1 Na5 19. Bd3 f5 20. exf5 Bxf5
21. b4 Nc6 22. a4 Bh6 23. a5 Qe8 24. Be4 Qf7 25. Rd3 Rbd8 26. f3 Ne7 27. Rfd1
Bxe4 28. Qxe4 Nf5 29. Nc4 Rfe8 30. Ndb6 Bf8 31. Rd5 Qf6 32. Ne3 Bh6 33. Ng4 Qh4
34. Qe1 Qxe1+ 35. Rxe1 Bg7 36. Re4 h5 37. Ne3 Kh7 38. Nec4 Ne7 39. Kg1 Nxd5 40.
Nxd5 Rf8 41. Ncb6 Rf7 42. Kf2 Bh6 43. c4 Bf4 44. b5 Bd2 45. bxa6 bxa6 46. c5
dxc5 47. Rxe5 Bxa5 48. Nc4 Bb4 49. Nce3 Kg7 50. Re6 Rfd7 51. Nf4 Rf7 52. Ned5
Rf5 53. Rxg6+ Kf7 54. Rxa6 Rfxd5 55. Nxd5 Rxd5 56. Ke3 Ke7 57. g3 Rd2 58. h4
Rd6 59. Ra7+ Kf6 60. Rc7 Rd5 61. Rc6+ Kf5 62. Ke2 Ke5 63. Ke3 Bd2+ 64. Ke2 Bc1
65. g4 Rd2+ 66. Ke1 Kd5 67. Rc8 Rh2 68. Rd8+ Ke5 69. Re8+ Kf4 70. Rf8+ Ke3 0-1

[Event "25. Copenhagen Open  (Politiken Cup)"]
[Site "Copenhagen"]
[Date "2003.07.15"]
[Round "2"]
[White "Rasmussen, Henning"]
[Black "Nielsen, Michael B"]
[Result "1-0"]
[WhiteElo "1816"]
[BlackElo "1327"]
[PlyCount "45"]
[EventDate "2003.07.14"]
[EventType "swiss"]
[EventRounds "11"]
[EventCountry "DEN"]
[SourceDate "2004.01.01"]

1. d4 Nf6 2. Nf3 e6 3. c4 b6 4. g3 Bb7 5. Bg2 c5 6. e3 Qc7 7. b3 Nc6 8. O-O Be7
9. Nc3 O-O 10. Bb2 cxd4 11. exd4 Rac8 12. Rc1 Qb8 13. Re1 Bb4 14. a3 Bxc3 15.
Bxc3 d5 16. Ba1 Rfd8 17. c5 Nd7 18. b4 Ne7 19. Bf1 Qa8 20. Bd3 g6 21. Qd2 Kg7
22. Rc2 Ng8 23. b5 1-0

[Event "25. Copenhagen Open  (Politiken Cup)"]
[Site "Copenhagen"]
[Date "2003.07.15"]
[Round "2"]
[White "Richards, Heather"]
[Black "Abrahamsson, Daniel"]
[Result "0-1"]
[WhiteElo "2233"]
[BlackElo "1671"]
[PlyCount "118"]
[EventDate "2003.07.14"]
[EventType "swiss"]
[EventRounds "11"]
[EventCountry "DEN"]
[SourceDate "2004.01.01"]

1. e4 c5 2. c3 Nf6 3. e5 Nd5 4. Nf3 Nc6 5. Bc4 Nb6 6. Bb3 c4 7. Bc2 Qc7 8. Qe2
g5 9. h3 Bg7 10. O-O Nxe5 11. Nxg5 h6 12. Nf3 d5 13. a4 Nbd7 14. Na3 a6 15. Nd4
Nc5 16. b4 Ncd3 17. f4 Ng6 18. Bxd3 cxd3 19. Qf3 Bxd4+ 20. cxd4 Bf5 21. Qxd5
Bxh3 22. gxh3 Nxf4 23. Qf3 Ne2+ 24. Kf2 Nxd4 25. Qxd3 Qf4+ 26. Ke1 Qh4+ 27. Kd1
Qh5+ 28. Ke1 Qh4+ 29. Rf2 Rg8 30. Qf1 Rg6 31. Bb2 Re6+ 32. Kd1 Rc8 33. Bxd4
Qxd4 34. Nc2 Qb2 35. Rc1 Rxc2 36. Rxc2 Qb1+ 37. Rc1 Qb3+ 38. Rc2 Rc6 39. Rf3
Qxc2+ 40. Ke2 Rd6 41. Qe1 Qc4+ 42. d3 Re6+ 43. Re3 Rxe3+ 44. Kxe3 Qe6+ 45. Kd2
Qxe1+ 46. Kxe1 Kd7 47. Kd2 Kd6 48. Ke3 Ke5 49. a5 e6 50. h4 h5 51. d4+ Kd5 52.
Kd3 f6 53. Kc3 Ke4 54. Kc4 f5 55. Kc5 f4 56. Kb6 f3 57. Kxb7 f2 58. Kxa6 f1=Q+
59. b5 Kxd4 0-1

[Event "25. Copenhagen Open  (Politiken Cup)"]
[Site "Copenhagen"]
[Date "2003.07.15"]
[Round "2"]
[White "Rohrmueller, Ulrich"]
[Black "Unmack, Christian"]
[Result "1/2-1/2"]
[WhiteElo "2268"]
[BlackElo "2085"]
[PlyCount "81"]
[EventDate "2003.07.14"]
[EventType "swiss"]
[EventRounds "11"]
[EventCountry "DEN"]
[SourceDate "2004.01.01"]

1. Nf3 d5 2. d4 Nf6 3. c4 e6 4. Nc3 Nbd7 5. Bg5 Be7 6. e3 O-O 7. Qc2 c5 8. cxd5
Nxd5 9. Bxe7 Qxe7 10. Nxd5 exd5 11. Bd3 g6 12. dxc5 Nxc5 13. O-O Be6 14. Rfc1
Rac8 15. Qd1 Rfd8 16. Nd4 Qg5 17. Be2 Qe5 18. Rc2 Ne4 19. Rac1 Nd6 20. Rxc8
Rxc8 21. Rxc8+ Nxc8 22. Qc2 Qd6 23. h3 Bd7 24. Qc3 Ne7 25. Bf3 b6 26. b4 Qe5
27. Qa3 Qc7 28. b5 Be8 29. g3 h5 30. h4 Kg7 31. Kg2 Kg8 32. Bd1 Bd7 33. Kh2 Nf5
34. Nxf5 Bxf5 35. Qb2 Qc4 36. Be2 Bd3 37. Bxd3 Qxd3 38. Kg2 Qe4+ 39. Kg1 Qd3
40. Kg2 Qc4 41. Kg1 1/2-1/2

[Event "25. Copenhagen Open  (Politiken Cup)"]
[Site "Copenhagen"]
[Date "2003.07.15"]
[Round "2"]
[White "Roder, Peter"]
[Black "Christoffersen, Ebbe"]
[Result "1-0"]
[WhiteElo "2170"]
[BlackElo "1737"]
[PlyCount "73"]
[EventDate "2003.07.14"]
[EventType "swiss"]
[EventRounds "11"]
[EventCountry "DEN"]
[SourceDate "2004.01.01"]

1. d4 d5 2. c4 e6 3. Nc3 Nf6 4. Nf3 Be7 5. e3 O-O 6. Qc2 h6 7. g4 Nxg4 8. Rg1
Nf6 9. e4 Kh8 10. e5 Nh7 11. Bd3 f5 12. exf6 Nxf6 13. Ne5 Nc6 14. Bxh6 gxh6 15.
Ng6+ Kg7 16. Nxe7+ Kf7 17. Nxc6 bxc6 18. Bg6+ Ke7 19. O-O-O Qd6 20. cxd5 cxd5
21. Kb1 Bd7 22. f3 Rab8 23. Rge1 Rb6 24. Ka1 Kd8 25. Qd2 Rh8 26. h4 Be8 27.
Bxe8 Kxe8 28. Na4 Rc6 29. Nc5 Qe7 30. Re5 Rd6 31. Rde1 Kf7 32. Rxe6 Rxe6 33.
Rxe6 Qd8 34. Qf4 Rg8 35. a3 Rg6 36. Ka2 Kg8 37. h5 1-0

[Event "25. Copenhagen Open  (Politiken Cup)"]
[Site "Copenhagen"]
[Date "2003.07.15"]
[Round "2"]
[White "Schjelderup, Nils-Jakob"]
[Black "Werner, Gert"]
[Result "1/2-1/2"]
[WhiteElo "1587"]
[BlackElo "2140"]
[PlyCount "108"]
[EventDate "2003.07.14"]
[EventType "swiss"]
[EventRounds "11"]
[EventCountry "DEN"]
[SourceDate "2004.01.01"]

1. e4 g6 2. d4 Bg7 3. Be3 d5 4. e5 c5 5. c3 Nc6 6. Nf3 Bg4 7. Be2 Bxf3 8. Bxf3
e6 9. O-O Nge7 10. Na3 Nf5 11. Nc2 cxd4 12. cxd4 Qb6 13. Rb1 O-O 14. Qd2 Rfc8
15. Rfc1 Bf8 16. g4 Nxe3 17. fxe3 Na5 18. b3 Rc7 19. Ne1 Rac8 20. Nd3 Ba3 21.
Rxc7 Qxc7 22. Rd1 Qc3 23. Kf2 Qxd2+ 24. Rxd2 Bc1 25. Nxc1 Rxc1 26. e4 dxe4 27.
Bxe4 Nc6 28. Bxc6 bxc6 29. Ke2 c5 30. Ke3 cxd4+ 31. Kxd4 Kf8 32. b4 Ke7 33. h3
f6 34. exf6+ Kxf6 35. b5 Ke7 36. Ke4 g5 37. a4 Ra1 38. Rd4 Ra3 39. Rb4 Kf6 40.
Kd4 Ke7 41. Rc4 Kd7 42. Kc5 Rxh3 43. Kb4 Rf3 44. a5 Rf4 45. b6 axb6 46. axb6
Rxc4+ 47. Kxc4 Kc6 48. Kd4 Kxb6 49. Ke5 Kc5 50. Kxe6 h5 51. gxh5 g4 52. h6 g3
53. h7 g2 54. h8=Q g1=Q 1/2-1/2

[Event "25. Copenhagen Open  (Politiken Cup)"]
[Site "Copenhagen"]
[Date "2003.07.15"]
[Round "2"]
[White "Schmidt, Horst Hubert"]
[Black "Radovic, Slobodan"]
[Result "1-0"]
[WhiteElo "1870"]
[BlackElo "1391"]
[PlyCount "127"]
[EventDate "2003.07.14"]
[EventType "swiss"]
[EventRounds "11"]
[EventCountry "DEN"]
[SourceDate "2004.01.01"]

1. d4 Nf6 2. c4 e6 3. Nc3 b6 4. e4 Bb4 5. Bg5 Bxc3+ 6. bxc3 h6 7. Bh4 g5 8. Bg3
Nxe4 9. Qc2 Bb7 10. f3 Nxg3 11. hxg3 c5 12. Bd3 Nc6 13. Ne2 Qf6 14. Qb2 d6 15.
Be4 O-O-O 16. a4 Na5 17. Bxb7+ Kxb7 18. Qa2 e5 19. O-O exd4 20. cxd4 cxd4 21.
Rfd1 Rc8 22. Nxd4 Rxc4 23. Nb5 Rc6 24. Qd5 Qe6 25. Nxd6+ Kc7 26. Nb5+ Kb8 27.
Qd7 Qxd7 28. Rxd7 a6 29. Nd6 f6 30. Re1 Rc7 31. Ree7 Rxd7 32. Rxd7 h5 33. Kf2
h4 34. g4 h3 35. gxh3 Rxh3 36. Rf7 Rh2+ 37. Ke3 Ra2 38. Rxf6 Rxa4 39. Ne4 Nc4+
40. Ke2 a5 41. Nxg5 b5 42. Ne4 b4 43. g5 Ra2+ 44. Kd3 Ne5+ 45. Kd4 Nd7 46. Rf5
b3 47. Rb5+ Kc7 48. Rxb3 a4 49. Rb4 a3 50. Nc3 Rd2+ 51. Ke3 Rg2 52. Kf4 Nc5 53.
Rc4 Kb6 54. Na4+ Nxa4 55. Rxa4 a2 56. Kf5 Kb5 57. Ra8 Rc2 58. g6 Kb4 59. g7
Rc5+ 60. Ke6 Ra5 61. Rxa5 Kxa5 62. g8=Q Kb4 63. Qa8 Kb3 64. f4 1-0

[Event "25. Copenhagen Open  (Politiken Cup)"]
[Site "Copenhagen"]
[Date "2003.07.15"]
[Round "2"]
[White "Schuetzhold, Frank"]
[Black "Draeger, Michael"]
[Result "1-0"]
[WhiteElo "2063"]
[BlackElo "1702"]
[PlyCount "75"]
[EventDate "2003.07.14"]
[EventType "swiss"]
[EventRounds "11"]
[EventCountry "DEN"]
[SourceDate "2004.01.01"]

1. f4 e5 2. d3 exf4 3. Bxf4 d5 4. Nf3 Bd6 5. Qd2 Nf6 6. Nc3 O-O 7. Nb5 Bxf4 8.
Qxf4 Na6 9. O-O-O c6 10. Nc3 Nc7 11. Re1 Ne6 12. Qh4 d4 13. Ne4 Nxe4 14. Qxe4
Re8 15. g3 Qa5 16. Kb1 Bd7 17. Bg2 c5 18. Ne5 Nf8 19. Qf4 Be6 20. Nc4 Bxc4 21.
dxc4 Ne6 22. Qf5 Qd2 23. Rhf1 Re7 24. Bd5 Nd8 25. h4 Qe3 26. Rf3 Qe5 27. Qg4 h5
28. Qh3 g6 29. Rf4 Qe3 30. Qg2 Rb8 31. Rf3 Qd2 32. Qf2 b5 33. Rd3 Qa5 34. Rb3
b4 35. Qf6 Qc7 36. Qxg6+ Kf8 37. Qxh5 Re3 38. Qh6+ 1-0